000 00552nam a2200217Ia 4500
003 OSt
005 20220928140036.0
006 a|||||r|||| 00| 0
007 ta
008 220927b |||||||| |||| 00| 0 eng d
024 _a6176
037 _cTextual
040 _aSDCL
_cSDCL
_beng
041 _2eng
_aeng
082 _aO-,2J72x, L0
100 _aOrgel Stephen Ed.
_9493639
245 0 _aBen Jonson
_b Selected masques.
260 _c1970
942 _hO-,2J72x, L0
_cTEXL
_2CC
999 _c809481
_d809481